[Event "Ottawa Eastern Ontario op"]
[Site "Ottawa"]
[Date "2017.06.24"]
[Round "2"]
[White "Valdizon, Armando"]
[Black "Demchenko, Svitlana"]
[Result "1-0"]
[WhiteElo "2102"]
[BlackElo "2219"]
[PlyCount "89"]
[EventDate "2017.06.23"]
[EventType "swiss"]
[EventRounds "5"]
[EventCountry "CAN"]
[SourceTitle "EXT 2022"]
[Source "ChessBase"]
[SourceDate "2021.10.06"]
[SourceVersion "1"]
[SourceVersionDate "2021.10.06"]
[SourceQuality "1"]

1. d4 Nf6 2. c4 g6 3. Nc3 Bg7 4. e4 d6 5. Bd3 0-0 6. Nge2 e5 7. d5 Nbd7 8. Ng3 Nc5 9. Bc2 a5 10. h4 b6 11. h5 Bg4 12. f3 Bxh5 13. Nf1 g5 14. Bxg5 Bg6 15. Qd2 Qd7 16. g4 h5 17. gxh5 Nxh5 18. 0-0-0 f6 19. Be3 Kf7 20. Nh2 Rh8 21. Ng4 Rag8 22. Rdg1 Qe8 23. Nb5 Qd7 24. Nc3 Qe8 25. Rh2 Bf8 26. Rhg2 Ke7 27. a3 Nd7 28. Nb5 Kd8 29. Na7 Qf7 30. Nc6+ Kc8 31. b4 f5 32. exf5 Bxf5 33. bxa5 Bxc2 34. a6 Bg7 35. Qxc2 Nf4 36. Rd2 Bf6 37. Qa4 Nc5 38. Bxc5 dxc5 39. Na7+ Kd8 40. d6 Bg5 41. Nc6+ Kc8 42. d7+ Qxd7 43. Rxd7 Kxd7 44. Ncxe5+ Kc8 45. Qd7+ 1-0

[Event "Ottawa RA Fall op"]
[Site "Ottawa"]
[Date "2016.09.25"]
[Round "5"]
[White "Gordon, David"]
[Black "Valdizon, Armando"]
[Result "0-1"]
[WhiteElo "2237"]
[BlackElo "2102"]
[PlyCount "58"]
[EventDate "2016.09.21"]
[EventType "swiss"]
[EventRounds "5"]
[EventCountry "CAN"]
[SourceTitle "EXT 2022"]
[Source "ChessBase"]
[SourceDate "2021.10.06"]
[SourceVersion "1"]
[SourceVersionDate "2021.10.06"]
[SourceQuality "1"]

1. d4 d5 2. Bf4 c5 3. e4 dxe4 4. d5 Nf6 5. Nc3 a6 6. a4 g6 7. Bc4 Bg7 8. Nge2 Nbd7 9. d6 e5 10. Bg5 h6 11. Nd5 0-0 12. h4 Nb6 13. Ne7+ Kh7 14. Ba2 Bg4 15. Qd2 hxg5 16. hxg5+ Nh5 17. Ng3 Nc8 18. Nxh5 gxh5 19. f3 Nxd6 20. fxg4 Qxe7 21. 0-0-0 Rad8 22. Rxh5+ Kg8 23. g6 c4 24. Rdh1 fxg6 25. Rh7 b5 26. axb5 axb5 27. Qd5+ Qf7 28. Qc5 Qf4+ 29. Kb1 Nb7 0-1

[Event "Outaouais op (TORO)"]
[Site "Gatineau"]
[Date "2015.06.06"]
[Round "3"]
[White "Palsson, Halldor Peter"]
[Black "Valdizon, Armando"]
[Result "0-1"]
[WhiteElo "2108"]
[BlackElo "2223"]
[PlyCount "138"]
[EventDate "2015.06.05"]
[EventType "swiss"]
[EventRounds "5"]
[EventCountry "CAN"]
[SourceTitle "EXT 2019"]
[Source "ChessBase"]
[SourceDate "2018.10.10"]
[SourceVersion "1"]
[SourceVersionDate "2018.10.10"]
[SourceQuality "1"]

1. d4 d5 2. c4 e6 3. Nc3 f5 4. g3 Nf6 5. Bg2 c6 6. b3 Bd6 7. Bb2 0-0 8. Nf3 b6 9. 0-0 Nbd7 10. e3 Ba6 11. Qd3 Qe7 12. Ne2 Rfd8 13. Qc2 Rac8 14. Nf4 Ne4 15. Nd3 c5 16. Nfe5 cxd4 17. exd4 Bxe5 18. Nxe5 Nxe5 19. dxe5 dxc4 20. Rfd1 cxb3 21. Qxb3 Nc5 22. Qa3 Be2 23. Re1 Bc4 24. Bc3 Bd5 25. Bf1 Qf7 26. Bd2 Ne4 27. Bc1 Rc7 28. Bg2 Rdc8 29. Be3 Rc3 30. Qa6 Qb7 31. Qxb7 Bxb7 32. a4 Nc5 33. Bf1 Nb3 34. Rad1 R3c7 35. Rd6 Kf7 36. Red1 Bf3 37. Rb1 Na5 38. Ba6 Bb7 39. Bxb7 Nxb7 40. Rdd1 Ke8 41. Rb5 Rc4 42. Ra1 Rd8 43. a5 Nxa5 44. Rbxa5 bxa5 45. Rxa5 Rc7 46. Bxa7 Ra8 47. Bb6 Rxa5 48. Bxc7 Ra1+ 49. Kg2 Kd7 50. Bb8 Kc6 51. h4 Kd5 52. Bd6 g6 53. Bc7 Ke4 54. Bd6 Ra2 55. Bc7 h6 56. Bd6 f4 57. gxf4 Kxf4 58. Bc7 g5 59. hxg5 hxg5 60. Bd6 g4 61. Bc5 Kxe5 62. Kg3 Kf5 63. Be3 Ra3 64. Kh4 Rxe3 65. fxe3 e5 66. Kg3 Ke4 67. Kxg4 Kxe3 68. Kg3 e4 69. Kg2 Kd2 0-1

[Event "Gatineau op-A"]
[Site "Gatineau"]
[Date "2015.03.??"]
[Round "3"]
[White "Valdizon, Armando"]
[Black "Chiku Ratte, Olivier Kenta"]
[Result "1-0"]
[WhiteElo "2226"]
[BlackElo "2327"]
[PlyCount "135"]
[EventDate "2015.03.07"]
[EventType "swiss"]
[EventRounds "5"]
[EventCountry "CAN"]
[SourceTitle "EXT 2016"]
[Source "ChessBase"]
[SourceDate "2015.10.08"]
[SourceVersion "1"]
[SourceVersionDate "2015.10.08"]
[SourceQuality "1"]

1. d4 Nf6 2. c4 c5 3. Nf3 cxd4 4. Nxd4 e6 5. Nc3 a6 6. g3 Qc7 7. Qd3 Be7 8. Bg2 0-0 9. 0-0 d6 10. b3 Nc6 11. Bb2 Bd7 12. Rac1 Qa5 13. Rfd1 Rab8 14. Nxc6 Bxc6 15. Bxc6 bxc6 16. Na4 Rfd8 17. Bc3 Qh5 18. Bxf6 Bxf6 19. c5 dxc5 20. Qxa6 h6 21. Qc4 Bd4 22. Qc2 c4 23. bxc4 Qa5 24. e3 Bf6 25. c5 Rxd1+ 26. Qxd1 Rb4 27. Nc3 Rc4 28. Ne2 Qxa2 29. Nd4 Rxc1 30. Qxc1 Qa4 31. Qc3 e5 32. Nb3 Qb5 33. Qc2 g6 34. e4 h5 35. h4 Qb4 36. Kg2 Kg7 37. f3 Qe1 38. Nc1 Qe3 39. Nd3 Qd4 40. Nc1 g5 41. Nb3 Qe3 42. hxg5 Bxg5 43. Na5 h4 44. Nxc6 h3+ 45. Kxh3 Qxf3 46. Nxe5 Qh1+ 47. Kg4 Bf6 48. Nd7 Bd8 49. c6 Bc7 50. Qc3+ Kg8 51. Nf6+ Kf8 52. Qc5+ Kg7 53. Qg5+ Kf8 54. Nd7+ Ke8 55. Nf6+ Kf8 56. Qg8+ Ke7 57. Nd5+ Kd6 58. Qf8+ Kxc6 59. Qe8+ Kb7 60. Qe7 Qd1+ 61. Kg5 Qd2+ 62. Kf6 Qf2+ 63. Kg7 Qxg3+ 64. Kf8 f5 65. exf5 Kc6 66. Qxc7+ Qxc7 67. Nxc7 Kxc7 68. Ke7 1-0

[Event "Ottawa RA Fall op"]
[Site "Ottawa"]
[Date "2014.09.19"]
[Round "1"]
[White "Profit, Brian"]
[Black "Valdizon, Armando"]
[Result "1/2-1/2"]
[WhiteElo "2029"]
[BlackElo "2232"]
[PlyCount "125"]
[EventDate "2014.09.19"]
[EventType "swiss"]
[EventRounds "5"]
[EventCountry "CAN"]
[SourceTitle "EXT 2022"]
[Source "ChessBase"]
[SourceDate "2021.10.06"]
[SourceVersion "1"]
[SourceVersionDate "2021.10.06"]
[SourceQuality "1"]

1. d4 f5 2. e4 fxe4 3. Nc3 Nf6 4. Bg5 e6 5. Nxe4 Be7 6. Bxf6 Bxf6 7. Nf3 d5 8. Nc5 0-0 9. Qd2 Nc6 10. Bb5 Ne7 11. 0-0 b6 12. Nd3 Qd6 13. Nde5 c5 14. c3 a6 15. Ba4 cxd4 16. cxd4 b5 17. Bc2 Bd7 18. Qd3 g6 19. Rfe1 Rac8 20. Rac1 Bxe5 21. Nxe5 Rc7 22. Qd2 Nc6 23. Nxc6 Rxc6 24. Bd3 Rfc8 25. Rxc6 Rxc6 26. h4 Qe7 27. Re5 Qxh4 28. Be2 Qf6 29. Re3 Qf4 30. g3 Qc7 31. Rc3 Rxc3 32. bxc3 Kg7 33. f4 g5 34. Kh2 gxf4 35. gxf4 Be8 36. Bg4 Kf6 37. Qe3 Qd6 38. Qe5+ Qxe5 39. fxe5+ Ke7 40. Kg3 Bg6 41. Kf4 h6 42. a3 Bf7 43. Bh3 Kf8 44. Kg4 Kg7 45. Kh4 Kg6 46. Bg4 Kg7 47. Bh3 Kf8 48. Kg4 Bg6 49. Kf4 Kf7 50. Bg4 Bc2 51. Bh5+ Ke7 52. Bg4 Kd7 53. Bh3 Bg6 54. Bg4 Bf7 55. Bh3 Kc6 56. Ke3 Kb6 57. Kd2 Ka5 58. Kc1 Ka4 59. Kb2 a5 60. Bg4 b4 61. Bd1+ Kb5 62. Be2+ Ka4 63. Bd1+ 1/2-1/2

[Event "Canadian op 50th"]
[Site "Ottawa"]
[Date "2013.07.14"]
[Round "2"]
[White "Valdizon, Armando"]
[Black "Rozentalis, Eduardas"]
[Result "1/2-1/2"]
[WhiteElo "2117"]
[BlackElo "2619"]
[PlyCount "63"]
[EventDate "2013.07.13"]
[EventType "swiss"]
[EventRounds "9"]
[EventCountry "CAN"]
[SourceTitle "CBM 155 Extra"]
[Source "ChessBase"]
[SourceDate "2013.08.26"]
[SourceVersion "1"]
[SourceVersionDate "2013.08.26"]
[SourceQuality "1"]

1. d4 Nf6 2. c4 e6 3. Nc3 Bb4 4. Qc2 0-0 5. a3 Bxc3+ 6. Qxc3 b6 7. Bg5 Ba6 8. Nf3 d6 9. e3 Nbd7 10. b4 c5 11. dxc5 bxc5 12. b5 Bb7 13. Be2 h6 14. Bxf6 Nxf6 15. 0-0 Ne4 16. Qb2 f5 17. Nd2 Nxd2 18. Qxd2 Qg5 19. g3 Rfd8 20. Qc3 Qe7 21. Rfd1 Rac8 22. a4 Qc7 23. Ra2 a5 24. Bf1 Bf3 25. Rb1 Qb6 26. Bg2 Bxg2 27. Kxg2 d5 28. cxd5 Rxd5 29. Rd2 Rxd2 30. Qxd2 Rd8 31. Qc2 Kh7 32. Rc1 1/2-1/2

[Event "Eastern Ontario op"]
[Site "Ottawa"]
[Date "2013.06.22"]
[Round "3"]
[White "Doubleday, William G"]
[Black "Valdizon, Armando"]
[Result "0-1"]
[WhiteElo "2057"]
[BlackElo "2098"]
[PlyCount "52"]
[EventDate "2013.06.21"]
[EventType "swiss"]
[EventRounds "5"]
[EventCountry "CAN"]
[SourceTitle "EXT 2014"]
[Source "ChessBase"]
[SourceDate "2013.11.20"]
[SourceVersion "1"]
[SourceVersionDate "2013.11.20"]
[SourceQuality "1"]

1. d4 d5 2. c4 Nc6 3. Nf3 e5 4. dxe5 d4 5. a3 Bg4 6. Nbd2 a5 7. h3 Bh5 8. g3 Bc5 9. Bg2 Qd7 10. 0-0 Rd8 11. Qb3 Nge7 12. Qb5 b6 13. g4 Bg6 14. Nb3 h5 15. Nxc5 bxc5 16. g5 Bf5 17. Kh2 0-0 18. Qxc5 Ng6 19. b4 Rfe8 20. Nh4 Rxe5 21. Bxc6 Qe6 22. Bd5 Rexd5 23. cxd5 Qe5+ 24. f4 Qxe2+ 25. Ng2 Nh4 26. Rg1 Qf3 0-1

[Event "Eastern Ontario op"]
[Site "Ottawa"]
[Date "2013.06.22"]
[Round "2"]
[White "Valdizon, Armando"]
[Black "Qin, Zi Yi"]
[Result "0-1"]
[WhiteElo "2098"]
[BlackElo "2459"]
[PlyCount "66"]
[EventDate "2013.06.21"]
[EventType "swiss"]
[EventRounds "5"]
[EventCountry "CAN"]
[SourceTitle "EXT 2014"]
[Source "ChessBase"]
[SourceDate "2013.11.20"]
[SourceVersion "1"]
[SourceVersionDate "2013.11.20"]
[SourceQuality "1"]

1. d4 Nf6 2. c4 g6 3. Nc3 Bg7 4. e4 d6 5. Bg5 0-0 6. Qd2 Na6 7. Bd3 e5 8. d5 c6 9. Nge2 cxd5 10. cxd5 Bd7 11. 0-0 Nc5 12. b4 Nxd3 13. Qxd3 h6 14. Bd2 Ne8 15. Rab1 f5 16. f4 Rc8 17. Rb3 Kh7 18. Be3 a6 19. fxe5 dxe5 20. b5 fxe4 21. Qb1 Rxf1+ 22. Qxf1 Nd6 23. bxa6 bxa6 24. Ng3 Bb5 25. Nxb5 axb5 26. Qb1 Rc4 27. Ra3 Qc8 28. h3 b4 29. Rb3 Qa8 30. Rxb4 Qxd5 31. Qb3 h5 32. Nf1 Bh6 33. Bxh6 Qc5+ 0-1

[Event "Eastern Ontario op"]
[Site "Ottawa"]
[Date "2013.06.22"]
[Round "4"]
[White "Valdizon, Armando"]
[Black "Zhou, Qiyu"]
[Result "1/2-1/2"]
[WhiteElo "2098"]
[BlackElo "2104"]
[PlyCount "104"]
[EventDate "2013.06.21"]
[EventType "swiss"]
[EventRounds "5"]
[EventCountry "CAN"]
[SourceTitle "EXT 2014"]
[Source "ChessBase"]
[SourceDate "2013.11.20"]
[SourceVersion "1"]
[SourceVersionDate "2013.11.20"]
[SourceQuality "1"]

1. Nf3 Nf6 2. c4 e6 3. d4 d5 4. g3 Be7 5. Bg2 0-0 6. 0-0 dxc4 7. Qc2 a6 8. Qxc4 b5 9. Qc2 Bb7 10. Bd2 Nc6 11. e3 Nb4 12. Bxb4 Bxb4 13. Nbd2 Rc8 14. Nb3 Be4 15. Qd1 Qe7 16. Ne5 c5 17. a3 c4 18. axb4 cxb3 19. Qxb3 Bxg2 20. Kxg2 Nd5 21. Rfc1 Nxb4 22. f3 h6 23. Rc3 Rxc3 24. bxc3 Nd5 25. e4 Nc7 26. Qb4 Re8 27. Qxe7 Rxe7 28. Kf2 f6 29. Nc6 Re8 30. Ke3 Kf7 31. Ra2 Ra8 32. Kd3 Ne8 33. Ra5 Nc7 34. Ra2 Ne8 35. f4 Nd6 36. g4 Nc4 37. Na5 Nxa5 38. Rxa5 Ke7 39. c4 bxc4+ 40. Kxc4 Kd6 41. f5 exf5 42. gxf5 Rc8+ 43. Kd3 Rc6 44. e5+ fxe5 45. dxe5+ Ke7 46. Kd4 Rc1 47. Rxa6 Rd1+ 48. Ke4 Re1+ 49. Kd5 Rd1+ 50. Kc6 Rc1+ 51. Kb6 Rb1+ 52. Kc7 Rf1 1/2-1/2

[Event "Gatineau op"]
[Site "Gatineau"]
[Date "2013.03.03"]
[Round "4"]
[White "Gagnon, Serge"]
[Black "Valdizon, Armando"]
[Result "0-1"]
[WhiteElo "2010"]
[BlackElo "2225"]
[PlyCount "42"]
[EventDate "2013.03.01"]
[EventType "swiss"]
[EventRounds "5"]
[EventCountry "CAN"]
[SourceTitle "EXT 2022"]
[Source "ChessBase"]
[SourceDate "2021.10.06"]
[SourceVersion "1"]
[SourceVersionDate "2021.10.06"]
[SourceQuality "1"]

1. d4 f5 2. c4 Nf6 3. Nc3 e6 4. Nf3 d5 5. Bf4 c6 6. Qc2 Be7 7. e3 0-0 8. Bd3 Bd7 9. h3 Ne4 10. 0-0-0 Nxc3 11. Qxc3 dxc4 12. Bxc4 b5 13. Bd3 Na6 14. Ne5 Nb4 15. Qb3 a5 16. Kb1 a4 17. Qc3 a3 18. bxa3 Nd5 19. Qe1 Rxa3 20. Kb2 Bb4 21. Qf1 Rxa2+ 0-1

[Event "Ottawa RA Spring op"]
[Site "Ottawa"]
[Date "2013.02.16"]
[Round "2"]
[White "Valdizon, Armando"]
[Black "Hambleton, Aman"]
[Result "0-1"]
[WhiteElo "2244"]
[BlackElo "2571"]
[PlyCount "56"]
[EventDate "2013.02.15"]
[EventType "swiss"]
[EventRounds "5"]
[EventCountry "CAN"]
[SourceTitle "EXT 2022"]
[Source "ChessBase"]
[SourceDate "2021.10.06"]
[SourceVersion "1"]
[SourceVersionDate "2021.10.06"]
[SourceQuality "1"]

1. d4 Nf6 2. c4 c5 3. Nf3 cxd4 4. Nxd4 b6 5. f3 Bb7 6. e4 d6 7. Nc3 e6 8. Be3 a6 9. Qd2 Nbd7 10. Be2 Qc7 11. 0-0 Be7 12. Rac1 0-0 13. Rfd1 Rac8 14. Kh1 Qb8 15. Bf1 h5 16. Qf2 Rfe8 17. a3 h4 18. b4 Bd8 19. Nb3 h3 20. gxh3 Ne5 21. Nd2 d5 22. exd5 exd5 23. Nxd5 Nxd5 24. cxd5 Rxc1 25. Rxc1 Bxd5 26. Be2 Ng6 27. Bxa6 Bh4 28. Qf1 Rxe3 0-1

[Event "Ottawa RA Winter op2"]
[Site "Ottawa"]
[Date "2012.11.18"]
[Round "5"]
[White "Valdizon, Armando"]
[Black "Gelblum, Robert"]
[Result "1/2-1/2"]
[WhiteElo "2244"]
[BlackElo "2223"]
[PlyCount "79"]
[EventDate "2012.11.16"]
[EventType "swiss"]
[EventRounds "5"]
[EventCountry "CAN"]
[SourceTitle "EXT 2022"]
[Source "ChessBase"]
[SourceDate "2021.10.06"]
[SourceVersion "1"]
[SourceVersionDate "2021.10.06"]
[SourceQuality "1"]

1. d4 Nf6 2. Bg5 Ne4 3. Bf4 c5 4. f3 Qa5+ 5. c3 Nf6 6. d5 Qb6 7. Bc1 e6 8. e4 c4 9. Bxc4 Bc5 10. Nh3 exd5 11. Bxd5 Nxd5 12. Qxd5 0-0 13. b4 Be3 14. Nd2 Qg6 15. g4 d6 16. Qd3 Qh6 17. Nf2 Bxf2+ 18. Kxf2 Qh4+ 19. Kg2 Nc6 20. Qxd6 Rd8 21. Qf4 Be6 22. Nb3 Rd3 23. Qg5 Qxg5 24. Bxg5 Bxb3 25. axb3 Rxc3 26. b5 Nd4 27. Rhd1 Nxb5 28. b4 Rac8 29. Rd7 Rc2+ 30. Kg3 h6 31. Be3 R2c3 32. Bxa7 Ra8 33. Rxb7 Nd6 34. Rb8+ Rxb8 35. Bxb8 Nxe4+ 36. Kg2 Rc2+ 37. Kh3 Ng5+ 38. Kg3 Rc3 39. Rf1 Rb3 40. h4 1/2-1/2

[Event "Ontario Closed"]
[Site "Ottawa"]
[Date "2005.03.06"]
[Round "5"]
[White "Davies, Alex"]
[Black "Valdizon, Armando"]
[Result "1-0"]
[WhiteElo "2261"]
[BlackElo "2247"]
[PlyCount "83"]
[EventDate "2005.03.04"]
[EventType "swiss"]
[EventRounds "5"]
[EventCountry "CAN"]
[SourceTitle "EXT 2006"]
[Source "ChessBase"]
[SourceDate "2005.11.24"]
[SourceVersion "1"]
[SourceVersionDate "2005.11.24"]
[SourceQuality "1"]

1. e4 c5 2. Nf3 d6 3. d4 cxd4 4. Nxd4 Nf6 5. f3 g6 6. c4 Bg7 7. Be3 0-0 8. Nc3 Nc6 9. Qd2 Bd7 10. Be2 Rc8 11. 0-0 a6 12. Nc2 Ne5 13. Na3 Be6 14. b3 Re8 15. Rab1 Qc7 16. Na4 Bd7 17. Bb6 Qb8 18. Nc3 Be6 19. g4 Nfd7 20. Bd4 f5 21. gxf5 gxf5 22. Kh1 Ng6 23. Bxg7 Kxg7 24. Qg5 h6 25. Qh5 f4 26. Rg1 Nde5 27. Nd5 Kh7 28. Nc2 Qa7 29. Rg2 Rg8 30. Rd1 Bxd5 31. exd5 Nh8 32. Qf5+ Nhg6 33. Nd4 Rcf8 34. Qh5 Rf6 35. Nf5 Rxf5 36. Qxf5 Rf8 37. Qh5 Qe3 38. Bd3 Rf6 39. Bxg6+ Rxg6 40. Rxg6 Nxg6 41. Rg1 Qd3 42. Qg4 1-0

[Event "Ottawa-ch"]
[Site "Ottawa"]
[Date "2004.11.28"]
[Round "7"]
[White "Valdizon, Armando"]
[Black "Predescu, Sebastian"]
[Result "1/2-1/2"]
[WhiteElo "2129"]
[BlackElo "2221"]
[PlyCount "70"]
[EventDate "2004.10.??"]
[EventType "tourn"]
[EventRounds "7"]
[EventCountry "CAN"]
[SourceTitle "EXT 2006"]
[Source "ChessBase"]
[SourceDate "2005.11.24"]
[SourceVersion "1"]
[SourceVersionDate "2005.11.24"]
[SourceQuality "1"]

1. d4 Nf6 2. c4 g6 3. Nc3 Bg7 4. e4 d6 5. Bd3 0-0 6. Nge2 Nbd7 7. 0-0 c5 8. d5 Ne5 9. f4 Nxd3 10. Qxd3 a6 11. Bd2 b5 12. cxb5 axb5 13. Nxb5 Qb6 14. a4 c4+ 15. Qe3 Qxe3+ 16. Bxe3 Nxe4 17. Nec3 Nxc3 18. Nxc3 Bxc3 19. bxc3 Ra5 20. Bb6 Rxd5 21. a5 Ba6 22. Rfb1 Rd3 23. Bd4 f6 24. Rb6 Ra8 25. Rab1 e5 26. fxe5 fxe5 27. Bf2 Rxc3 28. Rxd6 Rb3 29. Rc1 Bb5 30. Be1 Ra6 31. Rd8+ Kf7 32. Bc3 Ke6 33. Rd2 Rd6 34. Rxd6+ Kxd6 35. Kf2 Ke6 1/2-1/2

[Event "Ottawa-ch"]
[Site "Ottawa"]
[Date "2004.11.07"]
[Round "5"]
[White "Valdizon, Armando"]
[Black "Patterson, Roger"]
[Result "1-0"]
[WhiteElo "2129"]
[BlackElo "2187"]
[PlyCount "87"]
[EventDate "2004.10.??"]
[EventType "tourn"]
[EventRounds "7"]
[EventCountry "CAN"]
[SourceTitle "EXT 2006"]
[Source "ChessBase"]
[SourceDate "2005.11.24"]
[SourceVersion "1"]
[SourceVersionDate "2005.11.24"]
[SourceQuality "1"]

1. d4 Nf6 2. c4 e6 3. g3 d5 4. Bg2 Be7 5. Nf3 0-0 6. 0-0 b6 7. b3 Bb7 8. Bb2 c5 9. e3 dxc4 10. bxc4 cxd4 11. exd4 Nc6 12. Nbd2 Na5 13. Bc3 Nxc4 14. Nxc4 Rc8 15. Qb3 Bd5 16. Nfe5 Qc7 17. Bxd5 exd5 18. Nxb6 Qxb6 19. Rfc1 Qa6 20. a4 Rb8 21. Qa2 Rfc8 22. Be1 Qb6 23. a5 Qe6 24. Rab1 Rxb1 25. Qxb1 Ne4 26. Kg2 f6 27. Rxc8+ Qxc8 28. Qb5 fxe5 29. Qxd5+ Kf8 30. Qxe4 exd4 31. Qxd4 Qc6+ 32. Kg1 a6 33. Bc3 Bf6 34. Bb4+ Kf7 35. Qd2 Qc4 36. h4 Bxh4 37. Qd7+ Kg6 38. Qe8+ Kh6 39. Qe3+ Bg5 40. Qb6+ Bf6 41. Bd2+ Kg6 42. Qb1+ Kf7 43. Qxh7 Ke6 44. Qg8+ 1-0

[Event "Ottawa"]
[Site "Ottawa"]
[Date "2002.11.10"]
[Round "4"]
[White "Valdizon, Armando"]
[Black "Davies, Alex"]
[Result "1-0"]
[WhiteElo "2300"]
[BlackElo "2233"]
[PlyCount "89"]
[EventDate "2002.10.06"]
[EventType "tourn"]
[EventRounds "5"]
[EventCountry "CAN"]
[SourceTitle "EXT 2022"]
[Source "ChessBase"]
[SourceDate "2021.10.06"]
[SourceVersion "1"]
[SourceVersionDate "2021.10.06"]
[SourceQuality "1"]

1. d4 Nf6 2. Nf3 d5 3. c4 c6 4. cxd5 cxd5 5. Bf4 e6 6. Nc3 Nc6 7. a3 Be7 8. e3 0-0 9. Bd3 a6 10. 0-0 b5 11. Rc1 Bb7 12. b4 a5 13. Nxb5 axb4 14. a4 Qa5 15. Ra1 Rfc8 16. Nd2 Qd8 17. Qb1 h6 18. Rc1 Ne8 19. Nb3 Qd7 20. h3 Ra6 21. Nc5 Bxc5 22. dxc5 Rca8 23. Nd4 Rxa4 24. Rxa4 Rxa4 25. Bb5 Ra8 26. Qxb4 f6 27. Bxc6 Bxc6 28. Qb6 Rc8 29. Ra1 e5 30. Ra7 Rc7 31. Nxc6 Qxc6 32. Rxc7 Qxc7 33. Bg3 Kf7 34. f4 e4 35. Qb5 f5 36. Be1 g5 37. Ba5 Qa7 38. Bb6 Qe7 39. c6 Qd6 40. Bc5 Qc7 41. Qb7 gxf4 42. Bb6 Qe7 43. Bd8 Qxb7 44. cxb7 fxe3 45. b8Q 1-0

[Event "Ottawa"]
[Site "Ottawa"]
[Date "2002.10.20"]
[Round "3"]
[White "Saleh, Maher"]
[Black "Valdizon, Armando"]
[Result "1/2-1/2"]
[WhiteElo "2324"]
[BlackElo "2300"]
[PlyCount "36"]
[EventDate "2002.10.06"]
[EventType "tourn"]
[EventRounds "5"]
[EventCountry "CAN"]
[SourceTitle "EXT 2022"]
[Source "ChessBase"]
[SourceDate "2021.10.06"]
[SourceVersion "1"]
[SourceVersionDate "2021.10.06"]
[SourceQuality "1"]

1. Nf3 g6 2. g3 Bg7 3. d4 d6 4. Bg2 e5 5. dxe5 dxe5 6. Qxd8+ Kxd8 7. Nc3 Na6 8. Be3 c6 9. 0-0-0+ Kc7 10. Nd2 Be6 11. Nde4 Nh6 12. Ng5 Bf5 13. h3 f6 14. Nge4 Nf7 15. Rd2 b6 16. Rhd1 Rad8 17. a4 Rxd2 18. Rxd2 Rd8 1/2-1/2

[Event "Ottawa"]
[Site "Ottawa"]
[Date "2001.11.05"]
[Round "5"]
[White "Valdizon, Armando"]
[Black "Hergott, Deen"]
[Result "0-1"]
[WhiteElo "2337"]
[BlackElo "2474"]
[PlyCount "48"]
[EventDate "2001.10.14"]
[EventType "swiss"]
[EventRounds "6"]
[EventCountry "CAN"]
[SourceTitle "EXT 2022"]
[Source "ChessBase"]
[SourceDate "2021.10.06"]
[SourceVersion "1"]
[SourceVersionDate "2021.10.06"]
[SourceQuality "1"]

1. d4 Nc6 2. d5 Ne5 3. f4 Ng6 4. f5 Ne5 5. Bf4 d6 6. e4 g6 7. Bxe5 dxe5 8. fxg6 hxg6 9. Nf3 a6 10. Bd3 Nf6 11. Nbd2 Nh5 12. Nxe5 Qd6 13. Ndc4 Qf6 14. Rf1 Qh4+ 15. Rf2 Nf6 16. g3 Qh3 17. Bf1 Qh5 18. Be2 Qh6 19. Qd3 Bg7 20. Nxf7 Kxf7 21. e5 Bf5 22. Rxf5 gxf5 23. Qxf5 Qxh2 24. 0-0-0 Qxe2 0-1